Normal view
MARC view
- Singh,Paul R.
Entry Personal Name
001 - CONTROL NUMBER
- control field: 5144
003 - CONTROL NUMBER IDENTIFIER
- control field: OSt
005 - DATE AND TIME OF LATEST TRANSACTION
- control field: 20220122160306.0
008 - FIXED-LENGTH DATA ELEMENTS
- fixed length control field: 220122|| aca||aabn | a|a d
040 ## - CATALOGING SOURCE
- Original cataloging agency: OSt
- Transcribing agency: OSt
100 ## - HEADING--PERSONAL NAME
- Personal name: Singh,Paul R.
- Personal name: Heldman, Dennis.R
670 ## - SOURCE DATA FOUND
- Source citation: Work cat.: (OSt)14210: Singh,Paul R. Heldman, Dennis.R, Introduction to Food Engineering , 2014
